000 00592nam a2200205 u 4500
005 20220620105131.0
008 160303s1995 mx r 000 0 spa d
020 _a9686830413
035 _aUPN01000208691
049 _aCG
050 4 _aPQ7298.17 A7.4
_bP4.7
100 1 _aGargallo, Francesca,
_d1956-
_935168
245 1 4 _aLos pescadores del Kukulkán /
_cFrancesca Gargallo.
260 _aMéxico :
_bAldus,
_c1995.
300 _a67 p.
440 0 _aLa torre inclinada
650 4 _aLiteratura mexicana
_ySiglo XX
_95344
650 0 _aMar, El, En la literatura
_95071
905 _aLibro
999 _c180792
_d180792